Správa o stave konkurenčného prostredia a činnosti Protimonopolného úradu SR v r. 1992. 1.
Správa Protimonopolného úradu vláde SR o vplyve systémových opatrení na hospodársku súťaž. Vyhodnotené pripomienkové konania. Stav konkurenčného prostredia. Konkurenčné prostredie v r. 1992 podľa odvetví. Legislatívne opatrenia. Postup a výsledky ochrany konkurenčného prostredia. Hospodárska súťaž a...
Salvato in:
| Natura: | Capitolo di libro |
|---|---|
| Lingua: | slovacco |
| Soggetti: | |
| Tags: |
Nessun Tag, puoi essere il primo ad aggiungerne!!
|
MARC
| LEADER | 00000naa a2200000 4500 | ||
|---|---|---|---|
| 001 | r012860 | ||
| 005 | 20221214064928.5 | ||
| 041 | 0 | |a slo | |
| 044 | |a SK | ||
| 245 | 1 | 0 | |a Správa o stave konkurenčného prostredia a činnosti Protimonopolného úradu SR v r. 1992. 1. |
| 520 | |a Správa Protimonopolného úradu vláde SR o vplyve systémových opatrení na hospodársku súťaž. Vyhodnotené pripomienkové konania. Stav konkurenčného prostredia. Konkurenčné prostredie v r. 1992 podľa odvetví. Legislatívne opatrenia. Postup a výsledky ochrany konkurenčného prostredia. Hospodárska súťaž a činnosť FNM. | ||
| 610 | 2 | 0 | |a súťaž hospodárska |
| 610 | 2 | 0 | |a politika protimonopolná |
| 610 | 2 | 0 | |a Protimonopolný úrad SR Bratislava |
| 610 | 2 | 0 | |a konkurencia |
| 610 | 2 | 0 | |a 1992 |
| 610 | 2 | 0 | |a FNM SR Bratislava |